| 000 | 00389nam a2200157Ia 4500 | ||
|---|---|---|---|
| 008 | 210716s2003 xx 000 0 und d | ||
| 020 | _a8178666677 | ||
| 041 | _aeng | ||
| 082 | _a658.83 MISM | ||
| 100 | _aMishra, M N. | ||
| 245 | _aModern marketing research. | ||
| 250 | _a1 | ||
| 260 |
_aNew Delhi _bHimalaya Publishing House _c2003 |
||
| 300 | _a348 | ||
| 650 | _aMarketing Research | ||
| 999 |
_c199762 _d199762 |
||